| 000 | 003170000a22000970004500 | ||
|---|---|---|---|
| 100 | 1 | _aProvan, Iain W. | |
| 245 | 1 | 0 | _aPast, present and future in Lamentations 3:52-66 : The case for a precative perfect re-axamined |
| 300 | _aVol. 41, Num. 2 (Abril, 1991), Páginas 164-175 | ||
| 773 | 0 | _tVetus Testamentum | |
| 942 | _cANA | ||
| 999 |
_c57654 _d57654 |
||